[Event "Canadian zt (Women)"]
[Site "Toronto"]
[Date "2024.03.31"]
[Round "6"]
[White "Laksshana, Deepak"]
[Black "Demchenko, Svitlana"]
[Result "0-1"]
[WhiteElo "1781"]
[BlackElo "2141"]
[PlyCount "110"]
[EventDate "2024.03.28"]
[EventType "team-swiss"]
[EventRounds "9"]
[EventCountry "CAN"]
[SourceTitle "CB15_2024"]
[SourceDate "2024.04.10"]
[SourceVersion "1"]
[SourceVersionDate "2024.04.10"]
[SourceQuality "1"]

1. Nf3 f5 2. b3 Nf6 3. Bb2 g6 4. e3 Bg7 5. d4 d6 6. c4 0-0 7. Nc3 e6 8. Be2 Qe7 9. 0-0 b6 10. Qc2 Bb7 11. Rad1 h6 12. Ba3 Nbd7 13. c5 bxc5 14. dxc5 Nxc5 15. Bxc5 dxc5 16. Na4 Nd7 17. Rc1 Be4 18. Qc4 Bd5 19. Qc2 c4 20. bxc4 Be4 21. Qd2 g5 22. Nd4 Nb6 23. Nc3 c5 24. Nb3 Rad8 25. Qe1 Ba8 26. f3 Be5 27. g3 h5 28. Rf2 g4 29. fxg4 hxg4 30. Bf1 Rf7 31. Ne2 Be4 32. Nf4 Bd6 33. Rd1 Bf3 34. Be2 Ba8 35. Bf1 Bf3 36. Be2 Be4 37. Bf1 Kh7 38. Rfd2 e5 39. Ng2 Rd7 40. Rf2 Bf3 41. Be2 Qe6 42. Nd2 e4 43. Rc1 Kg8 44. Bf1 Rh7 45. Nxf3 gxf3 46. Nf4 Qh6 47. Rd2 Bxf4 48. exf4 Rd4 49. Rcd1 Rhd7 50. Rxd4 cxd4 51. c5 e3 52. Qb4 f2+ 53. Kh1 Qc6+ 54. Bg2 e2 55. Qb3+ Kg7 0-1

[Event "Canadian zt (Women)"]
[Site "Toronto"]
[Date "2024.03.30"]
[Round "5"]
[White "Fiset, Anais Chloe"]
[Black "Laksshana, Deepak"]
[Result "0-1"]
[WhiteElo "1754"]
[BlackElo "1781"]
[PlyCount "80"]
[EventDate "2024.03.28"]
[EventType "team-swiss"]
[EventRounds "9"]
[EventCountry "CAN"]
[SourceTitle "CB15_2024"]
[SourceDate "2024.04.10"]
[SourceVersion "1"]
[SourceVersionDate "2024.04.10"]
[SourceQuality "1"]

1. e4 e6 2. d4 d5 3. Nd2 Nf6 4. e5 Nfd7 5. Bd3 c5 6. c3 Nc6 7. Ne2 cxd4 8. cxd4 f6 9. exf6 Nxf6 10. Nf3 Bd6 11. 0-0 Qc7 12. Ng3 0-0 13. Qc2 Bd7 14. Bd2 Rac8 15. Rac1 Qb6 16. Qb1 Nxd4 17. Nxd4 Qxd4 18. Be3 Qa4 19. Rcd1 b6 20. Bd4 e5 21. Bc3 Bb8 22. Nf5 Rfe8 23. f4 e4 24. Bc2 Qc6 25. Ne3 Be6 26. Bb3 Rcd8 27. Rd2 Ng4 28. Qe1 Nxe3 29. Qxe3 Bd6 30. f5 Bc5 31. Bd4 Bf7 32. Rfd1 Re5 33. Rc2 Bxd4 34. Rxd4 Qh6 35. Qe1 Rxf5 36. Qxe4 Qf6 37. Qd3 Bg6 38. Rxd5 Rfxd5 39. Bxd5+ Kh8 40. Qb5 Bxc2 0-1

[Event "Canadian zt (Women)"]
[Site "Toronto"]
[Date "2024.03.28"]
[Round "1"]
[White "Xiao, Stephanie"]
[Black "Laksshana, Deepak"]
[Result "0-1"]
[WhiteElo "1531"]
[BlackElo "1781"]
[PlyCount "90"]
[EventDate "2024.03.28"]
[EventType "team-swiss"]
[EventRounds "9"]
[EventCountry "CAN"]
[SourceTitle "CB15_2024"]
[SourceDate "2024.04.10"]
[SourceVersion "1"]
[SourceVersionDate "2024.04.10"]
[SourceQuality "1"]

1. e4 c6 2. d4 d5 3. Nc3 dxe4 4. Nxe4 Nf6 5. Nxf6+ exf6 6. Nf3 Bd6 7. Be3 0-0 8. Be2 Re8 9. 0-0 Nd7 10. c4 Nf8 11. Qd2 Ng6 12. Rfe1 Qc7 13. Bd3 Bg4 14. c5 Bf8 15. Bxg6 hxg6 16. Bf4 Qd7 17. Re3 Rad8 18. Rae1 Rxe3 19. fxe3 Bxc5 20. Qc3 Bd6 21. Bxd6 Qxd6 22. Nd2 c5 23. Nc4 cxd4 24. Nxd6 dxc3 25. Nxb7 Rb8 26. Nc5 Rxb2 27. Na4 Rc2 28. Nc5 Rxa2 29. h3 Be6 30. Rc1 c2 31. Kf2 Bc4 32. Ke1 Ra5 33. Nb7 Ra2 34. Nc5 f5 35. Kd2 Bd5 36. g4 Be4 37. Nxe4 fxe4 38. Rxc2 Rxc2+ 39. Kxc2 f5 40. gxf5 gxf5 41. Kc3 Kf7 42. Kd4 g5 43. Ke5 Kg6 44. Kd5 Kf6 45. Kd4 Ke6 0-1

[Event "Canadian op"]
[Site "Calgary"]
[Date "2023.07.30"]
[Round "10"]
[White "Laksshana, Deepak"]
[Black "Bince, Rolando"]
[Result "1/2-1/2"]
[WhiteElo "1459"]
[BlackElo "1806"]
[PlyCount "210"]
[EventDate "2023.07.22"]
[EventType "swiss"]
[EventRounds "10"]
[EventCountry "CAN"]
[SourceTitle "EXT 2024"]
[Source "ChessBase"]
[SourceDate "2023.10.10"]
[SourceVersion "1"]
[SourceVersionDate "2023.10.10"]
[SourceQuality "1"]

1. e4 e6 2. d4 d5 3. Nc3 Bb4 4. e5 c5 5. a3 Bxc3+ 6. bxc3 Ne7 7. Nf3 Nbc6 8. h4 Qa5 9. Bd2 Qa4 10. Bc1 a6 11. h5 Qa5 12. Bd2 Qa4 13. Bc1 b5 14. Bb2 Qa5 15. Qd2 Qb6 16. h6 g6 17. Qg5 Ng8 18. Qf4 Ra7 19. Nh2 Qc7 20. Ng4 f5 21. Ne3 Nf6 22. Be2 0-0 23. Qh4 Ne4 24. Bd3 cxd4 25. cxd4 Qa5+ 26. Kf1 Nd2+ 27. Kg1 Nc4 28. Bxc4 bxc4 29. c3 Rb7 30. Nd1 Qa4 31. f4 Na5 32. Qf2 Bd7 33. Rb1 Nb3 34. Rh4 Qa5 35. g4 Qd8 36. gxf5 exf5 37. Rh3 Be6 38. Kh2 Qe7 39. Qg2 Kh8 40. Ne3 Rd8 41. Rg1 Na5 42. Nd1 Rdb8 43. Re1 Qf8 44. Re2 Nc6 45. Rf2 Ne7 46. Qg5 Ng8 47. Re2 Qe7 48. Qg2 Qf8 49. Qg5 Qe7 50. Qg2 Qd8 51. Rf2 Rb6 52. Re2 Qd7 53. Rd2 Qb7 54. Re2 a5 55. Rc2 a4 56. Re2 Qd7 57. Rd2 Qe7 58. Re2 Qf8 59. Qg5 R8b7 60. Rd2 Qb8 61. Qg2 Qf8 62. Qg5 Rb3 63. Qh4 Rb8 64. Qg5 R3b7 65. Qh4 Rb3 66. Qg5 Qd8 67. Qg2 Qe7 68. Rc2 Qf8 69. Qg5 Ne7 70. Qg2 R8b7 71. Rd2 Qb8 72. Re2 Ng8 73. Rd2 Qf8 74. Qg5 Rb8 75. Re2 Qe7 76. Qg2 Qb7 77. Rd2 Qc7 78. Rc2 Qd8 79. Rd2 Qe7 80. Rc2 Qf8 81. Qg5 R8b7 82. Rd2 Qb8 83. Qg2 R7b6 84. Re2 Rb7 85. Rd2 Ne7 86. Qg5 Qf8 87. Re2 Ng8 88. Rc2 Rd7 89. Rd2 Qe7 90. Qg2 Rdb7 91. Re2 Qd8 92. Rd2 Rc7 93. Rf2 Qf8 94. Qg5 Qe7 95. Qg2 Rc8 96. Rc2 Rcb8 97. Rd2 Qd8 98. Rc2 Ne7 99. Rd2 Qf8 100. Rc2 Ng8 101. Qg5 Qe7 102. Qg2 Qb7 103. Re2 Qf7 104. Rc2 Qf8 105. Qg5 R8b7 1/2-1/2

[Event "Canadian op"]
[Site "Calgary"]
[Date "2023.07.27"]
[Round "7"]
[White "Gao, Lucy"]
[Black "Laksshana, Deepak"]
[Result "0-1"]
[WhiteElo "1682"]
[BlackElo "1459"]
[PlyCount "122"]
[EventDate "2023.07.22"]
[EventType "swiss"]
[EventRounds "10"]
[EventCountry "CAN"]
[SourceTitle "EXT 2024"]
[Source "ChessBase"]
[SourceDate "2023.10.10"]
[SourceVersion "1"]
[SourceVersionDate "2023.10.10"]
[SourceQuality "1"]

1. e4 c5 2. Nf3 a6 3. c3 e6 4. g3 d5 5. exd5 exd5 6. d4 h6 7. Bg2 Nf6 8. 0-0 Be7 9. dxc5 Bxc5 10. Re1+ Be6 11. Nd4 Bxd4 12. Qxd4 0-0 13. Nd2 Nc6 14. Qd3 Qc8 15. Nb3 Bf5 16. Qd1 Re8 17. Be3 Ne5 18. Qd4 Be4 19. Nd2 Qf5 20. f3 Bc2 21. g4 Qg6 22. Nf1 Nc4 23. b3 Nd6 24. Bf4 Nb5 25. Qd2 Qd3 26. a4 Nxc3 27. Be5 Rac8 28. Rac1 Qxd2 29. Nxd2 Na2 30. Ra1 Nb4 31. Bxf6 gxf6 32. f4 Re6 33. f5 Re5 34. Nf3 Rxe1+ 35. Rxe1 Nd3 36. Re3 Nf4 37. Bf1 Kf8 38. Nd4 Be4 39. Kf2 Rc1 40. b4 Rd1 41. Nb3 Bc2 42. Nc5 d4 43. Rf3 Nd5 44. Nxb7 Nxb4 45. Nc5 d3 46. Re3 Rxf1+ 47. Kxf1 d2 48. Re1 dxe1Q+ 49. Kxe1 Nd3+ 50. Nxd3 Bxd3 51. Kf2 Ke7 52. Kg3 Kd6 53. Kh4 Ke5 54. a5 Kf4 55. Kh5 Be2 56. h3 Kg3 57. Kxh6 Kxh3 58. Kg7 Kxg4 59. Kxf6 Bc4 60. Ke5 Kg5 61. f6 Bb5 0-1

[Event "Canadian op"]
[Site "Calgary"]
[Date "2023.07.26"]
[Round "6"]
[White "Laksshana, Deepak"]
[Black "Srinivasan, Hemant"]
[Result "0-1"]
[WhiteElo "1459"]
[BlackElo "1988"]
[PlyCount "63"]
[EventDate "2023.07.22"]
[EventType "swiss"]
[EventRounds "10"]
[EventCountry "CAN"]
[SourceTitle "EXT 2024"]
[Source "ChessBase"]
[SourceDate "2023.10.10"]
[SourceVersion "1"]
[SourceVersionDate "2023.10.10"]
[SourceQuality "1"]

1. e4 c6 2. Nc3 d5 3. Nf3 Bg4 4. h3 Bxf3 5. Qxf3 e6 6. g3 Nd7 7. Bg2 Bc5 8. 0-0 Ne7 9. d3 0-0 10. Qe2 Ng6 11. h4 f5 12. h5 Nge5 13. Na4 Qe7 14. c3 fxe4 15. dxe4 Bd6 16. b3 b5 17. Nb2 Bc5 18. Bf4 Rf7 19. Nd3 Nxd3 20. Qxd3 Nf6 21. Bg5 Qc7 22. exd5 exd5 23. Bf4 Qd7 24. h6 Re8 25. Bf3 Ng4 26. hxg7 Ne5 27. Qd1 Ng6 28. Bh5 Nxf4 29. Bxf7+ Qxf7 30. gxf4 Qxg7+ 31. Kh2 Re6 32. Rg1 0-1

[Event "Canadian op"]
[Site "Calgary"]
[Date "2023.07.23"]
[Round "3"]
[White "Laksshana, Deepak"]
[Black "Wu, Jonathan"]
[Result "0-1"]
[WhiteElo "1459"]
[BlackElo "1906"]
[PlyCount "108"]
[EventDate "2023.07.22"]
[EventType "swiss"]
[EventRounds "10"]
[EventCountry "CAN"]
[SourceTitle "EXT 2024"]
[Source "ChessBase"]
[SourceDate "2023.10.10"]
[SourceVersion "1"]
[SourceVersionDate "2023.10.10"]
[SourceQuality "1"]

1. e4 c5 2. Nf3 d6 3. d4 cxd4 4. Nxd4 Nf6 5. Nc3 a6 6. f3 e6 7. Be3 Nbd7 8. g4 h6 9. Qd2 b5 10. 0-0-0 b4 11. Nce2 Qc7 12. Kb1 d5 13. exd5 Nxd5 14. Bf2 Bb7 15. Bg3 Bd6 16. g5 Ne5 17. Bxe5 Bxe5 18. g6 Qb6 19. gxf7+ Kxf7 20. Ka1 Rad8 21. Bh3 Rhe8 22. Qc1 a5 23. Bg4 Nf6 24. Bxe6+ Rxe6 25. Nxe6 Rxd1 26. Rxd1 Qxe6 27. Nf4 Qf5 28. Nd3 Bd6 29. f4 Be4 30. Rf1 Bxd3 31. cxd3 Qxd3 32. Re1 Qf5 33. Qc4+ Qd5 34. Qf1 a4 35. Rd1 Qc5 36. Qf3 Be7 37. Kb1 Qc4 38. Re1 a3 39. Qe2 Qxe2 40. Rxe2 g6 41. bxa3 bxa3 42. Kc2 Bd6 43. Rf2 Ng4 44. Rd2 Bxf4 45. Rd4 g5 46. h4 Ne3+ 47. Kb3 Nf5 48. Rd7+ Ke6 49. hxg5 hxg5 50. Rd1 Bd6 51. Kc3 g4 52. Rg1 g3 53. Kb3 Ke5 54. Kc2 Kf4 0-1

[Event "CAN-ch (Women)"]
[Site "Toronto"]
[Date "2023.04.10"]
[Round "7"]
[White "Gavrileva, Anna"]
[Black "Laksshana, Deepak"]
[Result "0-1"]
[WhiteElo "1412"]
[BlackElo "1509"]
[PlyCount "170"]
[EventDate "2023.04.06"]
[EventType "swiss"]
[EventRounds "9"]
[EventCountry "CAN"]
[SourceTitle "CBM 213 Extra"]
[Source "ChessBase"]
[SourceDate "2023.05.31"]
[SourceVersion "1"]
[SourceVersionDate "2023.05.31"]
[SourceQuality "1"]

1. d4 Nf6 2. Bf4 g6 3. Nc3 d5 4. Nb5 Na6 5. Nf3 c6 6. Nc3 Bg7 7. e3 Nc7 8. Be2 0-0 9. Ne5 Nfe8 10. Nb1 f6 11. Nf3 Nd6 12. Nbd2 Nf7 13. Bg3 e5 14. dxe5 fxe5 15. Nb3 b6 16. Rb1 c5 17. c4 Bf5 18. cxd5 Bxb1 19. Qxb1 Qxd5 20. 0-0 Qe6 21. Nbd2 b5 22. Qc2 Qb6 23. Rc1 Ne6 24. b3 Rac8 25. Qe4 Rfd8 26. Nf1 Neg5 27. Nxg5 Nxg5 28. Qg4 h6 29. h4 Nf7 30. Qe4 Rc6 31. Bf3 Rcd6 32. Qc2 Rc8 33. Nd2 Rdd8 34. Bg4 Rc7 35. Be2 a6 36. Nf3 Qf6 37. a4 Qb6 38. axb5 axb5 39. Qe4 Re7 40. Qc2 e4 41. Nd2 Qc6 42. Bf4 Nd6 43. Nb1 Nb7 44. Na3 b4 45. Nc4 Red7 46. Qb1 Qd5 47. Nb6 Qc6 48. Nxd7 Rxd7 49. Bc4+ Kh8 50. Rd1 Re7 51. Qa2 Re8 52. Qe2 Rd8 53. Rxd8+ Nxd8 54. Qd1 Ne6 55. Bd5 Qd7 56. Bg3 Bf6 57. Qd2 Nd8 58. Kh2 Nc6 59. Kg1 Ne7 60. Qa2 Qxd5 61. Qa6 Kg7 62. Qa7 Kf7 63. Qa2 Be5 64. Bxe5 Qxe5 65. g3 Kf6 66. Kf1 Kf5 67. Ke2 Qc3 68. f3 Qd3+ 69. Kf2 exf3 70. Kxf3 Nd5 71. g4+ Ke5 72. Qh2+ Ke6 73. Qf2 Qxb3 74. g5 Qxe3+ 75. Qxe3+ Nxe3 76. Kxe3 h5 77. Kd3 Kd5 78. Kc2 c4 79. Kb2 c3+ 80. Kc2 Kc4 81. Kc1 b3 82. Kb1 c2+ 83. Kb2 Kd3 84. Kc1 b2+ 85. Kxb2 Kd2 0-1